Normal view
MARC view
- Bixio Cesare Andrea
Entry Personal Name
001 - CONTROL NUMBER
- control field: 11725
003 - CONTROL NUMBER IDENTIFIER
- control field: IT-RoPau
005 - DATE AND TIME OF LATEST TRANSACTION
- control field: 20140201113713.0
008 - FIXED-LENGTH DATA ELEMENTS
- fixed length control field: 140201|| aca||aabn | a|a d
040 ## - CATALOGING SOURCE
- Original cataloging agency: IT-RoPau
- Transcribing agency: IT-RoPau
100 ## - HEADING--PERSONAL NAME
- Personal name: Bixio Cesare Andrea
- Miscellaneous information: Codice autore testo/musica SPICS: 13441
- Relator term: Autore testo/musica
- Name of part/section of a work: Vivere - Parlami d'amore Mariù - Torna piccina - Mamma
670 ## - SOURCE DATA FOUND
- Source citation: Work cat.: (IT-RoPau)99561: AA.VV. 794, Claudio Villa-Parlami d'amore Mariù